00842nam a2200217Ia 4500003000400000005001700004008004100021020001800062040001800080041000800098082002100106100001800127245022500145250001200370260004400382300002700426650004500453650006400498650004000562700002200602OSt20251202110235.0210716s2016 xx 000 0 und d a9781784390846 cAIMIT LIBRARY aeng a006.32 21bBALR aBali, Raghav. aR machine learning by example : bunderstand the fundamentals of machine learning with R and build your own dynamic algorithms to tackle complicated real world problems sucessfully /cBy Raghav Bali and Dipanjan Sarkar. a1st ed. aMumbai :bPackt Publishing Ltd ,c2016. axii,318p. ;bPBc24 cm aBuilding a product recommendation system aCredit risk detection and predicition- predictive analytics aSentiment analysis of twitter data  aSarkar, Dipanjan.